Usted puede ser creativo : (Record no. 164)

MARC details
000 -LEADER
fixed length control field 00541nam a22001697a 4500
008 - FIXED-LENGTH DATA ELEMENTS--GENERAL INFORMATION
fixed length control field 120810t xxu||||| |||| 00| 0 spa d
020 ## - INTERNATIONAL STANDARD BOOK NUMBER
International Standard Book Number 978-987-20814-2-3
040 ## - CATALOGING SOURCE
Original cataloging agency AR-FvUNAJ
Modifying agency AR-FvUNAJ
Description conventions aacr2
082 14 - DEWEY DECIMAL CLASSIFICATION NUMBER
Edition number 14
Classification number 658.8
100 1# - MAIN ENTRY--PERSONAL NAME
Personal name Kastika, Eduardo
9 (RLIN) 489
245 10 - TITLE STATEMENT
Title Usted puede ser creativo :
Remainder of title nuevas recomendaciones para innovar en las empresas /
Statement of responsibility, etc Eduardo Kastika
260 ## - PUBLICATION, DISTRIBUTION, ETC. (IMPRINT)
Place of publication, distribution, etc Buenos Aires :
Name of publisher, distributor, etc Innovar,
Date of publication, distribution, etc 2008
300 ## - PHYSICAL DESCRIPTION
Extent 168 p.
650 17 - SUBJECT ADDED ENTRY--TOPICAL TERM
Source of heading or term unescot
9 (RLIN) 397
Topical term or geographic name as entry element MARKETING
650 17 - SUBJECT ADDED ENTRY--TOPICAL TERM
Source of heading or term unescot
9 (RLIN) 425
Topical term or geographic name as entry element CREATIVIDAD
942 ## - ADDED ENTRY ELEMENTS (KOHA)
Source of classification or shelving scheme Dewey Decimal Classification
Item type Libro, folleto, traducción
980 ## - EQUIVALENCE OR CROSS-REFERENCE-SERIES STATEMENT--PERSONAL NAME/TITLE [LOCAL, CANADA]
Field link and sequence number 2
Miscellaneous information Virginia Figueroa
Holdings
Withdrawn status Lost status Source of classification or shelving scheme Damaged status Not for loan Home library Current library Date acquired Source of acquisition Total Checkouts Total Renewals Full call number Barcode Date last seen Date last borrowed Price effective from Koha item type Copy number
    Dewey Decimal Classification     Biblioteca Central Biblioteca Central 10/08/2012 Compra 3 3 658.8 KASu UNAJ12080460 17/03/2025 23/09/2019 10/08/2012 Libro, folleto, traducción  
    Dewey Decimal Classification     Biblioteca Central Biblioteca Central 30/10/2012 Compra 4 1 658.8 KASu UNAJ12100664 17/03/2025 30/09/2022 30/10/2012 Libro, folleto, traducción 2

Lunes a Viernes 8:30 a 19:00 hs. Cerrado por mudanza
Av.Calchaqui 6200 Florencio Varela (CP188) 2°piso Edificio Mosconi Aula 209-210
Mail: bibliotecacentralunaj@gmail.com  
Whatsapp(54 9)1122668024    ❔Pregunte a la bibliotecaria
© Universidad Nacional Arturo Jauretche | Secretaría Académica | Biblioteca Central UNAJ